Podpora vedy zo Siedmeho rámcového programu

Informácia o možnostiach financovania výskumu zo Siedmeho rámcového programu Európskej únie. Sú dva programy, program Spolupráca a program Ľudia, ktoré sú najviac vhodné pre Fakultu hospodárskej informatiky. Program Spolupráca je vhodný najmä pre skúsenejších vedcov a akademikov, program Ľudia je na...

ver descrição completa

Na minha lista:
Detalhes bibliográficos
Autor principal: Hrapko, Michal
Outros Autores: Máziková, Katarína
Formato: Capítulo de Livro
Idioma:eslovaco
Assuntos:
Tags: Adicionar Tag
Sem tags, seja o primeiro a adicionar uma tag!

MARC

LEADER 00000naa$a2200000$$$4500
001 0075547
005 20240502071903.3
041 0 |a slo 
044 |a SK 
245 1 0 |a Podpora vedy zo Siedmeho rámcového programu  |c Michal Hrapko, Katarína Máziková 
520 |a Informácia o možnostiach financovania výskumu zo Siedmeho rámcového programu Európskej únie. Sú dva programy, program Spolupráca a program Ľudia, ktoré sú najviac vhodné pre Fakultu hospodárskej informatiky. Program Spolupráca je vhodný najmä pre skúsenejších vedcov a akademikov, program Ľudia je naopak zameraný na mladých vedcov, alebo doktorantov. 
610 2 0 |a Slovensko 
610 2 0 |a spolupráca vedecká 
610 2 0 |a vzdelávanie ďalšie 
610 2 0 |a vzdelávanie dištančné 
610 2 0 |a Európska únia 
610 2 0 |a financovanie vedy 
610 2 0 |a financovanie výskumu 
610 2 0 |a spolupráca vedecká medzinárodná 
100 1 |a Hrapko, Michal 
700 1 |a Máziková, Katarína